MARC details
| 000 -CABECERA |
| campo de control de longitud fija |
00926cam a2200217 a 4500 |
| 001 - NÚMERO DE CONTROL |
| campo de control |
000007301 |
| 005 - FECHA Y HORA DE LA ÚLTIMA TRANSACCIÓN |
| campo de control |
20200929154127.0 |
| 008 - DATOS DE LONGITUD FIJA--INFORMACIÓN GENERAL |
| campo de control de longitud fija |
030320s1999 uy a b f001 p spa |
| 040 ## - FUENTE DE LA CATALOGACIÓN |
| Centro catalogador/agencia de origen |
DO-SdBNP |
| Centro/agencia transcriptor |
DLC |
| 082 ## - NÚMERO DE LA CLASIFICACIÓN DECIMAL DEWEY |
| Número de clasificación |
861.44 |
| Número de documento/Ítem |
C352L |
| 100 1# - ENTRADA PRINCIPAL--NOMBRE DE PERSONA |
| Nombre de persona |
Castillo, Jorge Luis, |
| Fechas asociadas al nombre |
1960- |
| 9 (RLIN) |
20274 |
| 245 13 - MENCIÓN DE TÍTULO |
| Título |
El lenguaje y la poesía de Julio Herrera y Reissig / |
| Mención de responsabilidad, etc. |
Jorge Luis Castillo. |
| 260 ## - PUBLICACIÓN, DISTRIBUCIÓN, ETC. |
| Lugar de publicación, distribución, etc. |
Uruguay : |
| Nombre del editor, distribuidor, etc. |
Dirección General de Asuntos Culturales, Ministerio de Relaciones Exteriores : |
| -- |
Biblioteca de Marcha, |
| Fecha de publicación, distribución, etc. |
1999. |
| 300 ## - DESCRIPCIÓN FÍSICA |
| Extensión |
339 p. : |
| Otras características físicas |
il. ; |
| Dimensiones |
21 cm. |
| 504 ## - NOTA DE BIBLIOGRAFÍA, ETC. |
| Nota de bibliografía, etc. |
Incluye referencias bibliográficas (p. 323-339) y notas al pie de las páginas. |
| 650 #4 - PUNTO DE ACCESO ADICIONAL DE MATERIA--TÉRMINO DE MATERIA |
| Término de materia o nombre geográfico como elemento de entrada |
Modernismo (literatura) |
| Subdivisión geográfica |
Uruguay |
| 9 (RLIN) |
20275 |
| 650 #4 - PUNTO DE ACCESO ADICIONAL DE MATERIA--TÉRMINO DE MATERIA |
| Término de materia o nombre geográfico como elemento de entrada |
Estilo literario |
| 9 (RLIN) |
5690 |
| 600 14 - PUNTO DE ACCESO ADICIONAL DE MATERIA--NOMBRE DE PERSONA |
| Nombre de persona |
HERRERAY REISSIG, JULIO, |
| Fechas asociadas al nombre |
1875-1910 |
| Subdivisión general |
CRÍTICA E INTERPRETACIÓN |
| 9 (RLIN) |
20276 |
| 710 2# - PUNTO DE ACCESO ADICIONAL--NOMBRE DE ENTIDAD CORPORATIVA |
| Nombre de entidad corporativa o nombre de jurisdicción como elemento de entrada |
Universidad de California, Santa Barbara |
| 9 (RLIN) |
20277 |
| 910 ## - DATOS DE OPCIÓN DEL USUARIO (OCLC) |
| Datos de opción del usuario |
Catalogación por copia / LC |